Loading...
| Fine Arts - Classical Music | 0 | 9 | 0 | 0 | 90 | 13 | 39.78 | 5 | 8 | 0.00 | 0.00 |
| Science - Physics | 0 | 6 | 0 | 0 | 60 | 31 | 49.67 | 2 | 5 | 0.00 | 0.00 |
| Fine Arts - Visual | 0 | 3 | 0 | 0 | 30 | 39 | 76.33 | 1 | 1 | 0.00 | 0.00 |
| Mythology | 0 | 2 | 0 | 0 | 20 | 89 | 96.50 | 1 | 1 | 0.00 | 0.00 |
| Literature - British | 0 | 2 | 0 | 1 | 20 | 90 | 114.00 | 0 | 1 | 0.00 | 0.00 |
| Literature - European | 0 | 2 | 1 | 0 | 15 | 47 | 59.50 | 1 | 2 | 0.00 | 0.00 |
| Fine Arts - Other | 0 | 2 | 1 | 0 | 15 | 68 | 79.50 | 0 | 2 | 0.00 | 0.00 |
| Other Academic | 0 | 1 | 0 | 0 | 10 | 97 | 97.00 | 0 | 0 | 0.00 | 0.00 |
| Pop Culture | 0 | 1 | 0 | 0 | 10 | 42 | 42.00 | 0 | 1 | 0.00 | 0.00 |
| Religion | 0 | 1 | 0 | 0 | 10 | 93 | 93.00 | 0 | 1 | 0.00 | 0.00 |
| Literature - American | 0 | 1 | 0 | 0 | 10 | 48 | 48.00 | 0 | 1 | 0.00 | 0.00 |
| History - World | 0 | 1 | 0 | 0 | 10 | 42 | 42.00 | 0 | 1 | 0.00 | 0.00 |
| Social Science | 0 | 1 | 0 | 0 | 10 | 58 | 58.00 | 0 | 1 | 0.00 | 0.00 |
| Science - Other | 0 | 1 | 1 | 0 | 5 | 87 | 87.00 | 0 | 0 | 0.00 | 0.00 |
| Philosophy | 0 | 0 | 1 | 0 | -5 | 0.00 | 0 | 0 | 0.00 | 0.00 |